| 000 | 004850000a22001930004500 | ||
|---|---|---|---|
| 001 | 000759 | ||
| 003 | MACL | ||
| 005 | 20151021113253.0 | ||
| 008 | 151021b xxu||||| |||| 00| 0 eng d | ||
| 040 |
_aMACL _cMACL |
||
| 041 | _aEnglish | ||
| 082 | _a954.03/AUG | ||
| 100 |
_aAugustine, M.L. _916115 |
||
| 245 |
_aFort William _bCalcutta's Crowning Glory _cM.L. Augustine |
||
| 260 |
_aNew Delhi _c1999 _bOcean Books, |
||
| 350 | _a300 | ||
| 650 |
_a History _916116 |
||
| 942 |
_k954 _cBK _2ddc |
||
| 999 |
_c757 _d757 |
||